| 000 | 00425nam a2200169Ia 4500 | ||
|---|---|---|---|
| 001 | 24708 | ||
| 003 | IN-NITTTR | ||
| 005 | 20251114233315.0 | ||
| 008 | 251113s9999||||xx |||||||||||||| ||eng|| | ||
| 040 | _beng | ||
| 040 | _cIN-NITTTR | ||
| 041 | _aeng | ||
| 082 | _a155.2 P432 | ||
| 100 | _aJitendra Mohan, | ||
| 245 | 0 |
_aPersonality across culture : _b recent developments and debates. / _cJitendra Mohan |
|
| 942 |
_2ddc _cBK |
||
| 999 |
_c27337 _d27337 |
||